Rappeurs Francais - Statistiques

Statistiques générales
  • Ce quiz a été pris 710 fois
  • Le résultat moyen est 39 sur 121
Statistiques - réponses
Réponse % Correct
Jul
86%
Booba
81%
Ninho
80%
Kaaris
77%
Damso
76%
PNL/Ademo/N.O.S
76%
SCH
75%
La F
74%
Niska
69%
PLK
69%
Gazo
68%
Nekfeu
66%
Koba la D
64%
Naps
61%
SDM
59%
Zola
59%
Tiakola
57%
Hamza
55%
Leto
52%
Orelsan
50%
Josman
49%
Maes
49%
Alonzo
48%
Kalash
48%
Werenoi
48%
Lacrim
47%
Freeze Corleone
46%
Vald
46%
Favé
44%
Heuss l'Enfoiré
44%
RK
44%
Shay
44%
Ziak
44%
Dinos
43%
Kalash Criminel
41%
La Fouine
41%
Soso Maness
41%
Lomepal
40%
Gambi
39%
Maître Gims
38%
Rim'K
38%
Soprano
38%
Alpha Wann
37%
Kerchak
37%
Niro
37%
Sofiane
37%
Gradur
36%
La Fève
36%
Jok'Air
35%
Naza
35%
Djadja et Dinaz
34%
Soolking
34%
Black m
33%
Diam's
32%
Laylow
32%
Oboy
31%
Rohff
31%
MHD
30%
Zkr
30%
Timal
29%
Guy2Bezbar
28%
Da Uzi
27%
Larry
27%
Lefa
27%
Lorenzo
27%
Luidji
26%
Mister V
26%
Hatik
25%
UZI
25%
Dosseh
24%
Népal
24%
Bosh
23%
Franglish
23%
Hornet la Frappe
22%
Sadek
22%
Guizmo
21%
Landy
21%
Zed
21%
4Keus
20%
Alkpote
20%
DTF
20%
Ashe 22
19%
L'Algérino
19%
Lartiste
19%
Kaza
18%
Kekra
18%
Roméo Elvis
18%
ISK
17%
MIG
17%
13 Block
16%
MC Solaar
16%
Médine
16%
MMZ
16%
Rsko
16%
Vegedream
16%
Bigflo & Oli
15%
Fresh la douille
15%
Kery James
15%
S.Pri Noir
14%
Youssoupha
14%
Niaks
13%
Remy
12%
Fresh la Peufra
11%
Oxmo Puccino
11%
Seth Gueko
11%
Sneazzy
11%
Chilla
8%
Gambino la MG
8%
L2B / KLN
8%
Nahir
8%
Diddi Trix
7%
Liim's
7%
Chily
6%
Doria
4%
Mougli
4%
Negrito
4%
Meryl
3%
Fatal Bazooka
2%
Nakry
2%
Pirate
2%
Aucun quiz correspondant
Distribution des résultats
% des personnes avec chaque résultat
Percentile par nombre de réponses
Votre historique - résultats
Vous n’avez pas pris ce quiz